000 00230 a2200121 4500
020 _a9781665952507
041 _aeng
100 _aEliot, Hannah
245 _aHello, Crayons!
942 _cBK
999 _c29937
_d29935
999 _d29935
999 _d29935